राह रोता मुसाफ़िर / (Record no. 115348)

MARC details
000 -LEADER
fixed length control field 01179nam a22002657a 4500
005 - DATE AND TIME OF LATEST TRANSACTION
control field 20170124103022.0
010 ## - LIBRARY OF CONGRESS CONTROL NUMBER
LC control number A-717161
020 ## - INTERNATIONAL STANDARD BOOK NUMBER
Terms of availability 150.00
International Standard Book Number 8185720215
035 ## - SYSTEM CONTROL NUMBER
System control number A-717161
037 ## - SOURCE OF ACQUISITION
Source of stock number/acquisition Cen Lib/Ret
040 ## - CATALOGING SOURCE
Original cataloging agency DPL
Language of cataloging HN
082 ## - DEWEY DECIMAL CLASSIFICATION NUMBER
Classification number
Item number मौंताया
100 ## - MAIN ENTRY--PERSONAL NAME
Personal name मौंताया्
9 (RLIN) 112144
245 ## - TITLE STATEMENT
Title राह रोता मुसाफ़िर /
Statement of responsibility, etc मौंताया्; अनुवादक चन्द्रप्रकाश प्रभाकर
246 ## - VARYING FORM OF TITLE
Title proper/short title Rah rota musafir /
Remainder of title by Mauntaya; anuvadak Chandra Prakash Prabhakar
260 ## - PUBLICATION, DISTRIBUTION, ETC. (IMPRINT)
Place of publication, distribution, etc नयी दिल्ली
Name of publisher, distributor, etc इरावदी पब्लिकेशन्स
Date of publication, distribution, etc 1994
270 ## - ADDRESS
City नयी दिल्ली
Address सी-४८७, विकास पूरी
Postal code 110018
300 ## - PHYSICAL DESCRIPTION
Extent 171पृ.
Dimensions 21सेमी(सजिल्द)
650 ## - SUBJECT ADDED ENTRY--TOPICAL TERM
Topical term or geographic name as entry element बर्मीज़ साहित्य
9 (RLIN) 112145
650 ## - SUBJECT ADDED ENTRY--TOPICAL TERM
Topical term or geographic name as entry element उपन्यास
9 (RLIN) 112146
650 ## - SUBJECT ADDED ENTRY--TOPICAL TERM
Topical term or geographic name as entry element Burmese literature
9 (RLIN) 29834
650 ## - SUBJECT ADDED ENTRY--TOPICAL TERM
Topical term or geographic name as entry element Fiction
9 (RLIN) 8901
700 ## - ADDED ENTRY--PERSONAL NAME
Personal name प्रभाकर, चन्द्र प्रकाश
9 (RLIN) 112147
942 ## - ADDED ENTRY ELEMENTS (KOHA)
Source of classification or shelving scheme Dewey Decimal Classification
Koha item type Hindi Books
Classification part
Call number suffix मौंताया
Holdings
Withdrawn status Lost status Damaged status Not for loan Home library Current library Date acquired Source of acquisition Cost, normal purchase price Total Checkouts Full call number Barcode Date last seen Copy number Cost, replacement price Price effective from Koha item type Public note
Written off       Central Library Central Library 20/08/2015 Cen Lib/Ret 150.00   उ मौंताया A-717161 20/08/2015 1 150.00 15/09/2016 Hindi Books Written off on approval by DLB (By Circulation); dtd 15-06-2023

© Delhi Public Library
Hit Counter
free hit counter